Every other inch a lady/

Saved in:
Bibliografiske detaljer
Hovedforfatter: Lillie, Beatrice, 1898-
Andre forfattere: Brough, James, 1918- (jt. auth.)
Format: Bog
Sprog:English
Udgivet: London: W.H. Allen, 1973, c1972.
Fag:
LEADER 01207nam a2200337 a 4500
001 c000337167
003 CARM
005 20000516200618.0
008 810304c19731972enkac 000 0 eng d
015 |a C73-3825-4 
019 1 |a 1935448  |5 LACONCORD2021 
020 |a 0491006837:  |c £3.50 
020 |a 0491006837: 
035 |a (OCoLC)15760192  |5 LACONCORD2021 
040 |a CAN  |b eng  |c CAN  |d ANL 
045 |a w9x6 
055 0 2 |a PN2308* 
082 0 4 |a 792.2/092/4 
082 0 4 |a 792.2/092 
100 1 |a Lillie, Beatrice,  |d 1898- 
245 1 0 |a Every other inch a lady/  |c by Beatrice Lillie. Aided and abetted by John Philip. Written with James Brough. 
260 |a London:  |b W.H. Allen,  |c 1973, c1972. 
300 |a 318 p., [8] l. of plates:  |b ill., ports.;  |c 23 cm. 
600 1 5 |a Lillie, Beatrice,  |d 1898- 
600 1 6 |a Lillie, Beatrice,  |d 1898- 
600 1 0 |a Lillie, Beatrice,  |d 1894-1989. 
650 0 |a Women comedians. 
700 1 |a Brough, James,  |d 1918-,  |e jt. auth. 
852 8 |b CARM  |h A1:AN09G0  |i B08535  |p 0410367  |f BK 
999 f f |i b53d2783-9936-5422-a6e9-75ea62482c29  |s da0c2764-96b4-5551-a1b4-2f868c6dfa35 
952 f f |p Can circulate  |a CAVAL  |b CAVAL  |c CAVAL  |d CARM 1 Store  |e B08535  |f A1:AN09G0  |h Other scheme  |i book  |m 0410367